Caracterización del efecto del tratamiento térmico y electroquímico de la hidroxiapatita para aplicaciones médicas

Guardat en:
Dades bibliogràfiques
Autor principal: Cerdas Víquez, Milena
Format: Llibre
Publicat: 2008
Matèries:
Etiquetes: Afegir etiqueta
Sense etiquetes, Sigues el primer a etiquetar aquest registre!

MARC

LEADER 00000nam a2200000Ia 4500
003 001104
005 20221231144100.0
008 140114s2008 cr a 000 ||s d
040 |c cru CEDI  
090 |a TFG 5629 
100 |a Cerdas Víquez, Milena  |9 4398 
245 |a Caracterización del efecto del tratamiento térmico y electroquímico de la hidroxiapatita para aplicaciones médicas  
260 |c 2008 
300 |a xii, 90 hojas; ilustraciones a color 
500 |a Proyecto de graduación (licenciatura en ingeniería química)--Universidad de Costa Rica. Escuela de Ingeniería Química 
650 |x HIDROXIAPATITA  |x TRATAMIENTO TERMICO  |x INVESTIGACIONES   |x  ANALISIS ELECTROQUIMICO   |x MATERIALES BIOMEDICOS   |x HUESOS   |x  GANADO BOVINO  |9 4399 
942 |c TFG 
999 |c 16632  |d 16632